Taylor Swift Acronyms - Statistics

General Stats
  • This quiz has been taken 386 times
  • The average score is 15 of 20
Answer Stats
Hint Answer % Correct
OOTW Out Of The Woods
98%
LWYMMD Look What You Made Me Do
88%
YBWM You Belong With Me
86%
ITHK I Think He Knows
83%
IDSB I Did Something Bad
82%
MA&THB Miss Americana & The Heartbreak Prince
82%
IKYWT I Knew You Were Trouble
81%
NBNC no body, no crime
81%
TLGAD the last great american dynasty
81%
WANEGBT We Are Never Ever Getting Back Together
81%
BTR Better Than Revenge
80%
HYGTG How You Get The Girl
80%
CIWYW Call It What You Want
77%
TIWWCHNT This Is Why We Can't Have Nice Things
75%
DWOHT Dancing With Our Hands Tied
72%
RWYLM right where you left me
71%
IOMWIWY I'm Only Me When I'm With You
54%
ATWTMVTVFTVSGAVRALPS All Too Well (Ten Minute Version) (Taylor's Version) (From The Vault) (Sad Girl Autumn Version) - Recorded At Long Pond Studio
51%
TOMG Teardrops on My Guitar
42%
SOTBFMLDR Snow On The Beach (feat. More Lana Del Rey)
30%
No matching quizzes found
Score Distribution
Percent of People with Each Score
Percentile by Number Answered
Your Score History
You have not taken this quiz